Statistics for Programming Language Logos and Mascots

Click here to take the quiz!

General Stats

  • This quiz has been taken 259 times
  • The average score is 11 of 15

Answer Stats

Answer% Correct
C
100%
Java
100%
PHP
98%
Python
98%
JavaScript
96%
Ruby
94%
Go
93%
Perl
91%
Swift
82%
Visual Basic .NET
79%
Kotlin
69%
Fortran
60%
Scala
33%
Lisp
24%
Ren'Py
7%

Score Distribution

Percentile by Number Answered

Percent of People with Each Score

Your Score History

You have not taken this quiz